A practical approach to landlord and tenant (Record no. 112151)
[ view plain ]
| 000 -LEADER | |
|---|---|
| fixed length control field | 02443cam a22003015a 4500 |
| 001 - CONTROL NUMBER | |
| control field | L152659 |
| 008 - FIXED-LENGTH DATA ELEMENTS--GENERAL INFORMATION | |
| fixed length control field | 110411s2010 xxk f 001 0 eng d |
| 020 ## - INTERNATIONAL STANDARD BOOK NUMBER | |
| International Standard Book Number | 9780199589197 |
| 035 ## - SYSTEM CONTROL NUMBER | |
| System control number | (Sirsi) u152659 |
| 041 0# - LANGUAGE CODE | |
| Language code of text/sound track or separate title | eng |
| 050 04 - LIBRARY OF CONGRESS CALL NUMBER | |
| Classification number | 346.410434 $2 18 |
| 100 1# - MAIN ENTRY--PERSONAL NAME | |
| Personal name | Garner, Simon |
| 245 02 - TITLE STATEMENT | |
| Title | A practical approach to landlord and tenant |
| 250 ## - EDITION STATEMENT | |
| Edition statement | 6th ed. |
| 260 ## - PUBLICATION, DISTRIBUTION, ETC. | |
| Place of publication, distribution, etc. | Oxford |
| Name of publisher, distributor, etc. | OUP |
| Date of publication, distribution, etc. | 2010 |
| 300 ## - PHYSICAL DESCRIPTION | |
| Extent | lxi, 703p. |
| Dimensions | 25cm. |
| 505 2# - FORMATTED CONTENTS NOTE | |
| Formatted contents note | The client -- The basics -- The distinction between a lease and a licence -- Creating a tenancy -- Introduction to obligations in leases -- Implied obligations -- Express obligations -- Repair, contractual obligations -- Repair, common law and statutory duties -- Assignment and sub-letting - continuing obligations -- Termination of tenancies: an overview - the common law rules -- Forfeiture -- Introduction to the statutory codes -- The Rent Act 1977, protected tenancies -- The Rent Act 1977, recovery of possession by the landlord -- The Housing Act 1988, assured tenancies -- The Housing Act 1988, recovery of possession by the landlord -- The Housing Act 1985, secure tenancies -- The Housing Act 1985, recovery of possession by the landlord -- Protection from eviction -- Regulation of residential premises -- Long residential leases at low rents -- Management and service charges in long leases -- Enfranchisement and leasehold extension -- Commonhold -- Business tenancies -- Agricultural holdings -- Farm business tenancies -- Residential protection of agricultural workers -- Your practice |
| 520 ## - SUMMARY, ETC. | |
| Summary, etc. | Superseded by 7th edition |
| 520 ## - SUMMARY, ETC. | |
| Summary, etc. | Provides a systematic guide to the principles and practice of land and property law, with practical advice and tips on issues likely to arise in practice. Covers the basics of landlord and tenant law and gives detailed treatment for both the common law and the statutory codes. Explains and analyses diverse areas such as leases, tenancy, assignment and subletting, agricultural holdings, business tenancies, and eviction. Includes up to date case law, the various statutory codes applying to both residential and business tenancies, key documents with key points highlighted. |
| 520 ## - SUMMARY, ETC. | |
| Summary, etc. | Supersedes fifth edition (ISBN 9780199535118). |
| 521 ## - TARGET AUDIENCE NOTE | |
| Target audience note | Advanced. |
| 590 ## - LOCAL NOTE (RLIN) | |
| Local note | KA |
| 651 #4 - SUBJECT ADDED ENTRY--GEOGRAPHIC NAME | |
| Geographic name | England and Wales |
| Chronological subdivision | 1543- |
| 690 ## - LOCAL SUBJECT ADDED ENTRY--TOPICAL TERM (OCLC, RLIN) | |
| Topical term or geographic name as entry element | PROPERTY-LANDLORD AND TENANT |
| 700 1# - ADDED ENTRY--PERSONAL NAME | |
| Personal name | Frith, Alexandra |
| 942 ## - ADDED ENTRY ELEMENTS (KOHA) | |
| Suppress in OPAC | 0 |
| Withdrawn status | Lost status | Source of classification or shelving scheme | Damaged status | Not for loan | Home library | Current library | Shelving location | Date acquired | Cost, normal purchase price | Total Checkouts | Full call number | Barcode | Date last seen | Copy number | Cost, replacement price | Price effective from | Koha item type |
|---|---|---|---|---|---|---|---|---|---|---|---|---|---|---|---|---|---|
| Dewey Decimal Classification | London | London | Basement | 07/06/2011 | 42.46 | BASEMENT | BASEMENT | 06/08/2019 | 1 | 42.46 | 06/08/2019 | Book |